000 00193 a2200097 4500
001 8288
100 _aMarraini, F
245 _aSecret Tibet
260 _a
_bHutchinson
_c
090 _c6667
_d6667
942 _aNUST-CAE
_cM
_c33230
999 _c243361
_d243361